LIBRARY & INFORMATION CENTRE, KCAET, TAVANUR

ONLINE PUBLIC ACCESS CATALOGUE (OPAC)

Code of practice for construction of brick-cum -concrete composite floors and roof,IS:2119-1980 (Record no. 4567)

MARC details
000 -LEADER
fixed length control field 00423cam a2200145ua 4500
041 ## - LANGUAGE CODE
Language code of text/sound track or separate title eng
082 ## - DEWEY DECIMAL CLASSIFICATION NUMBER
Classification number 690.24
Item number IND/CO
100 ## - MAIN ENTRY--AUTHOR NAME
Personal name Indian Standard Institution, .
245 00 - TITLE STATEMENT
Title Code of practice for construction of brick-cum -concrete composite floors and roof,IS:2119-1980
260 ## - PUBLICATION, DISTRIBUTION, ETC. (IMPRINT)
Place of publication New Delhi :
Name of publisher Indian Standards Institution ,
Year of publication 1981.
300 ## - PHYSICAL DESCRIPTION
Number of Pages 19 ; .
942 ## - ADDED ENTRY ELEMENTS (KOHA)
Koha item type Books
Holdings
Withdrawn status Lost status Damaged status Home library Current library Date acquired Full call number Accession Number Koha item type
      KAUAET   07/04/2012 690.24 17146 Books
free website counter